The inside story of interactive TV and microsoft webTV for windows

Αποθηκεύτηκε σε:
Λεπτομέρειες βιβλιογραφικής εγγραφής
Κύριος συγγραφέας: Feinleib, David
Μορφή: Βιβλίο
Γλώσσα:English
Δημοσίευση: San Diego : Morgan Kaufmann, c1999
Θέματα:
Ετικέτες: Προσθήκη ετικέτας
Δεν υπάρχουν, Καταχωρήστε ετικέτα πρώτοι!

MARC

LEADER 00000cam a2200000 i 4500
001 1/18479
008 010315s1999 eng d
020 |a 0-12-251570-6 
035 |l 10066507 
040 |a GR-MY-UA  |b gre  |e aacr 
041 0 |a eng 
082 0 |a 006.7876 
100 1 |a Feinleib, David. 
245 1 4 |a The inside story of interactive TV and microsoft webTV for windows /  |c David Feinleib 
260 |a San Diego :   |b Morgan Kaufmann,   |c c1999 
300 |a xxvii, 366 p. 
504 |a Includes index 
630 0 0 |a Microsoft Windows (Computer file) 
650 0 0 |a Internet television. 
650 0 0 |a Interactive television. 
852 |a INST  |b CHIOS  |e 20010315  |h 006.7876 FEI  |p 005200017268  |q 005200017268  |t BK  |y 0 
901 |a BIBL2-2001-1 
909 |a Χ  |b 083207 
970 |a ΣΑΛΑΜΟΥΡΑ  |b ΜΑΡΙΑ  |z 2001/03/15